Moral philosophy and social ethics/ (Record no. 5746)

MARC details
000 -LEADER
fixed length control field 00504nam a22001697a 4500
003 - CONTROL NUMBER IDENTIFIER
control field OSt
005 - DATE AND TIME OF LATEST TRANSACTION
control field 20251117173217.0
008 - FIXED-LENGTH DATA ELEMENTS--GENERAL INFORMATION
fixed length control field 251117b |||||||| |||| 00| 0 eng d
040 ## - CATALOGING SOURCE
Original cataloging agency DWCL-Main lib.
Transcribing agency OC
082 ## - DEWEY DECIMAL CLASSIFICATION NUMBER
Classification number GR. 170 C738m 2000
100 ## - MAIN ENTRY--PERSONAL NAME
Personal name Composta, Dario
245 ## - TITLE STATEMENT
Title Moral philosophy and social ethics/
Statement of responsibility, etc. Dario Composta
260 ## - PUBLICATION, DISTRIBUTION, ETC.
Place of publication, distribution, etc. Bangalore, India :
Name of publisher, distributor, etc. Theological Publications in India
Date of publication, distribution, etc. , c2000.
300 ## - PHYSICAL DESCRIPTION
Extent x, 222 p.
Dimensions ; 21 cm.
650 ## - SUBJECT ADDED ENTRY--TOPICAL TERM
Topical term or geographic name entry element Ethics.
942 ## - ADDED ENTRY ELEMENTS (KOHA)
Source of classification or shelving scheme Dewey Decimal Classification
Koha item type General Reference
Classification part GR.
Suppress in OPAC No
952 ## - LOCATION AND ITEM INFORMATION (KOHA)
--
952 ## - LOCATION AND ITEM INFORMATION (KOHA)
--
Holdings
Withdrawn status Lost status Source of classification or shelving scheme Damaged status Not for loan Home library Current library Shelving location Date acquired Source of acquisition Cost, normal purchase price Total Checkouts Full call number Barcode Date last seen Copy number Price effective from Koha item type Uniform Resource Identifier
    Dewey Decimal Classification     College Library College Library General Reference 08/07/2008 School Fund 553.50   GR. 170 C738m 2000 CL46099 11/17/2025 c2 11/17/2025 GR
    Dewey Decimal Classification     College Library College Library General Reference 08/07/2008 School Fund 553.50   GR. 170 C738m 2000 CL46098 11/17/2025 c1 11/17/2025 GR